000 00421nam a2200181Ia 4500
001 22644
005 20260414150844.0
008 260414t2009||||xx |||||||||||||| ||spa||
041 _aESP
082 _a621.3824
_bH21
100 _aHansen, Robert C.
_eAUT
245 0 _aPhased array antennas
_b
260 _c2009
300 _a347 páginas :
_c24 cm.
650 _aTCA
654 _aCET
942 _cLIB
_dJUS
_fJUS
_2ddc
_n
999 _c22644
_d22644